| 000 | 00493nam a2200181 u 4500 | ||
|---|---|---|---|
| 005 | 20210223130234.0 | ||
| 008 | 070822s1983 r 000 0 eng d | ||
| 035 | _aUPN01000151253 | ||
| 049 | _aCG | ||
| 050 | 4 |
_aQD905.2 _bG8.2 |
|
| 100 | 1 | _aGueguzin, Ya. E. | |
| 245 | 1 | 3 |
_aEl cristal vivo / _cYa. E. Gueguzin ; tr. Armonía García Huerta |
| 260 |
_aMoscú : _bMir, _cc1983. |
||
| 300 |
_a276 p. : _bil. |
||
| 440 | 0 | _aCiencia popular | |
| 650 | 4 |
_aCRISTALOGRAFIA _98485 |
|
| 905 | _aLibro | ||
| 999 |
_c123391 _d123391 |
||